00496nam a2200145 i 4500001000300000245008600003260002100089040000800110041000800118942000700126008004100133999001700174856009800191952006100289bg 0aVII Sympozjum hydromechaniki okrętowej :bmetody numeryczne w hydromechanice... aGdańsk,c1987. cBPK apol cKS s pl f |000 0 pol  c23693d23693 uhttp://koha.tu.koszalin.pl/cgi-bin/koha/opac-detail.pl?biblionumber=23693yKatalog online BPK 00104070aBPKbBPKcwo33889p01598711s2018-01-02yKS